000 01127ngm a22003250a 4500
001 PT16554
003 AR-LpoUNG
005 20210202000215.0
007 vd cvaizq
008 191001s2001||||ag |||||||||||||||||spa d
037 _c$8.30
040 _aAR-LpoUNG
_bspa
_cAR-LpoUNG
_eaacr
041 _aspa
044 _aag
082 0 _a909 532V25
245 1 3 _aLa guerra fría :
_bEuropa y el tercer mundo
260 _aBuenos Aires :
_bKalender Video Argentina,
_c2001.
300 _aVHS (56 min.) : son., col.
520 _aDos potencias se perfilaban antes del fin de la guerra: Estados Unidos y la Unión SOviética. Se analizan los inicios de la guerra fría, la escalada nuclear , la guerra ideológica y la aparición del Muro de Berlín, en una de las épocas que, paradójicamente, fueron de las más estables en la historia.
650 4 _aCONFLICTOS ARMADOS
650 4 _aCULTURA
650 4 _aGUERRA
650 4 _aHISTORIA SOCIAL
650 4 _aSOCIEDAD
653 _aVIDEOS
653 _aVIDEOS DIDACTICOS
710 2 _aMetropolitan Museum of Art (New York)
905 _a16554
942 _cVIDEO
999 _c54337
_d54337